Höchster Gipfel nach Kontinent - Statistiken

Allgemein
  • Dieses Quiz wurde 158 mal gespielt
  • Das Durchschnittsergebnis liegt bei 3 aus 9
Antwortstatistiken
Kontinent Land Höhe Gebirge Gipfel % Korrekt
Asien Volksrepublik China,  Nepal 8848 m Himalaya Mount Everest
96%
Europa Frankreich,  Italien 4810 m Alpen Mont Blanc
80%
Russland 5642 m Kaukasus Elbrus
48%
Nordamerika Vereinigte Staaten 6190 m Alaskakette Denali
39%
Südamerika Argentinien 6961 m Anden Aconcagua
23%
Afrika Tansania 5895 m Kilimandscharo-Massiv Kibo
14%
Antarktika –⁠∗ 4892 m Sentinel Range Mount Vinson
7%
Australien 2228 m Great Dividing Range Mount Kosciuszko
4%
Australien Indonesien 4884 m Sudirman-Gebirge Puncak Jaya
3%
Keine übereinstimmenden Quizze gefunden
Verteilung der Resultate
Anzahl Personen mit jedem Resultat
Perzentil nach korrekt beantworteten Fragen
Ihre Resultats-Entwicklung
Sie haben dieses Quiz noch nicht gespielt